La educación artística / (Registro nro. 20854)
[ vista simple ]
| 000 -CABECERA | |
|---|---|
| campo fijo de control de longitud | 01153camaa22003257a 4500 |
| 001 - NÚMERO DE CONTROL | |
| campo de control | 20854 |
| 003 - IDENTIFICADOR DEL NÚMERO DE CONTROL | |
| campo de control | SpMaBN |
| 005 - FECHA Y HORADE LA ULTIMA TRANSACCION | |
| campo de control | 20260701170006.0 |
| 008 - ELEMENTOS DE LONGITUD FIJA--INFORMACION GENERAL | |
| campo fijo de control de longitud | 900725s1966 sp 1 dspa|| |
| 035 ## - NÚMERO DE CONTROL DEL SISTEMA | |
| Número de control de sistema | (OCoLC)431989853 |
| 040 ## - FUENTE CATALOGADORA | |
| Centro catalogador/agencia de origen | SpMaBN |
| Agencia que realiza la modificación | AR-RoBPED |
| 041 ## - IDIOMA | |
| Código de idioma para texto/pista de sonido o título independiente | spa |
| Código del idioma original | fre |
| 100 1# - ENCABEZAMIENTO PRINCIPAL--AUTOR PERSONAL | |
| Nombre de persona | Clot, René Jean |
| Fechas nac-muerte | 1913-1997 |
| 9 (RLIN) | 20902 |
| 245 13 - TITULO | |
| Título | La educación artística / |
| Mención de responsabilidad | René-Jean Clot ; prólogo de Jean Wahl ; traducción de M. B. de Brachfeld |
| 250 ## - EDICION | |
| Edición | 3a ed. |
| 260 ## - PUBLICACION | |
| Lugar | Barcelona : |
| Editor | Luis Miracle, |
| Fecha | 1966. |
| 300 ## - DESCRIPCION FISICA | |
| Extensión | 124 p. |
| 490 0# - SERIE | |
| Mención de serie | Paideia ; |
| Designación de volumen o secuencia | 24 |
| 500 ## - NOTA GENERAL | |
| Nota general | Título original en francés: L'education artistique. |
| 650 #4 - TERMINO DE MATERIA--CONTROLADO | |
| Término controlado | EDUCACION PLASTICA |
| 9 (RLIN) | 369 |
| Término controlado | DIBUJO |
| 9 (RLIN) | 1196 |
| Término controlado | ENSEÑANZA DE LA EDUCACION ARTISTICA |
| 9 (RLIN) | 976 |
| 700 1# - ENCABEZAMIENTO SECUNDARIO--AUTOR PERSONAL | |
| Nombre de persona | Wahl, Jean André |
| Fecha de nac-muerte | 1888-1974 |
| Función | prol. |
| 9 (RLIN) | 31094 |
| Nombre de persona | Brachfeld, María Bages de |
| Fecha de nac-muerte | 1908-1967 |
| Función | trad. |
| 9 (RLIN) | 31095 |
| 942 ## - ELEMENTOS KOHA | |
| Fuente de clasificación | Universal Decimal Classification |
| Koha tipo de ítem | Libro |
| Pre signatura | A |
| Clasificación | 37.036 |
| Signatura librística | C 63 |
| Número Koha | k. 20854 |
| N° inventario | Inv. 36524 |
| 956 ## - | |
| Host name | 1 2 |
| 980 ## - | |
| Personal name | M-BN |
| Numeration | BNMADRID |
| Attribution qualifier | 4/137741 |
| Titles and other words associated with a name | SG_RECOLET |
| Personal name | M-BN |
| Numeration | BNALCALA |
| Attribution qualifier | DL/67069 |
| Titles and other words associated with a name | CONSERVACI |
| Estado retirado | Estado perdido | Fuente de clasificación | Estado dañado | No se presta | Biblioteca propietaria | Biblioteca de reserva | Fecha de adquisición | Procedencia | Total de préstamos | Signatura topográfica completa | Código de barras (nº de inventario) | Fecha visto por última vez | Tipo de ítem Koha | Nota pública |
|---|---|---|---|---|---|---|---|---|---|---|---|---|---|---|
| Universal Decimal Classification | No se presta | Biblioteca Pedagógica Eudoro Díaz | Biblioteca Pedagógica Eudoro Díaz | 28/04/2017 | Donación | A 37.036 C 63 | 36524 | 08/05/2017 | Libro | No se presta a domicilio |